01862nam a2200361 a 4500001001200000003000800012006001900020007001500039008004100054020001500095020001800110020002700128040002100155035002100176050002300197245015100220260008300371300001900454490006700473500026000540504005100800533015200851650002801003650004201031650003801073655002901111700002201140700002201162710001701184711011701201830005601318856012601374ebr10516697CaPaEBRm u cr cn|||||||||111228s1993 dcua sb 101 0 eng d z1563470195 z9781563470196 z9781600864025 (e-book) aCaPaEBRcCaPaEBR a(OCoLC)30095714314aTN605b.M48 1993eb00aMetallurgical technologies, energy conversion, and magnetohydrodynamic flowsh[electronic resource] /cedited by Herman Branover, Yeshajahu Unger. aWashington, D.C. :bAmerican Institute of Aeronautics and Astronautics,c1993. a726 p. :bill.1 aProgress in astronautics and aeronautics,x0079-6050 ;vv. 148 a"Technical papers from the proceedings of the sixth Beer-Sheva International Seminar on Magnetohydrodynamic Flows and Turbulence, Ben-Gurion University of the Negev, Beer-Sheva, Israel, February 25-March 2, 1990, and subsequently revised for this volume." aIncludes bibliographical references and index. aElectronic reproduction.bPalo Alto, Calif. :cebrary,d2013.nAvailable via World Wide Web.nAccess may be limited to ebrary affiliated libraries. 0aMetallurgyvCongresses. 0aDirect energy conversionvCongresses. 0aMagnetohydrodynamicsvCongresses. 7aElectronic books.2local1 aBranover, Herman.1 aUnger, Yeshajahu.2 aebrary, Inc.2 aBeer-Sheva International Seminar on Magnetohydrodynamic Flows and Turbulencen(6th :d1990 :cBeersheba, Israel) 0aProgress in astronautics and aeronautics ;vv. 148.40uhttp://site.ebrary.com/lib/rucke/Doc?id=10516697zAn electronic book accessible through the World Wide Web; click to view